010140000a22003490004500082002400000518001300024530000900037100002200046245012800068260002000196502005900216260000900275300001800284041000800302500002700310650002200337650001700359650001400376650001800390650002100408650001800429650001200447650002000459650001800479650002600497651001000523650001100533650001300544942000800557999001700565952008200582 a302.12089bAd42icD a20030904 aThes aAdhikari, Bharati aIntergeneration differences in social perceptions and values of Brahmins and Newar in the context of acculturation in Nepal aVaranasi, India aThesisbPh. D. in Psychology, Banaras Hindu University c2000 a109p.billus. aEng aBibliography: p.92-102 aSocial psychology aSocial roles aSociology aSocial values aSocial structure aEthnic groups aSociety aEthnic minority aAcculturation aPsychological aspects aNepal aNewars aBrahmins cGEN c29921d29921 00104070aTUCLbTUCLd2010-06-20l0pD8679r2010-06-20 00:00:00w2010-06-20